000 00869cam a2200337 4500
001 J2771
008 090401t1994 xxu||||| |||| 00| 0 eng d
035 _a(Sirsi) u51131
041 _aeng
050 _a333.3309426
110 _aBidwells
_92678
245 _a1994-95 review.
260 _aCambridge
_bBidwells
_c1994
300 _a19p. : ill. ; 30cm.
350 _a0
650 _aPROPERTY-COMMERCIAL PROPERTY
650 _aEAST ANGLIA
650 _aFARMING
650 _aGROUSE VALUE INDEX
650 _aPROPERTY INVESTMENT
650 _aPROPERTY MARKET
650 _aRESIDENTIAL PROPERTY
_96266
650 _aRETAIL PROPERTY
650 _aSALMON VALUE INDEX
650 _aSPORTING ESTATE VALUES
650 _aSPORTING ESTATES
650 _aSTAG VALUE INDEX
690 _aPROPERTY-COMMERCIAL PROPERTY
942 _n0
948 _c04/03/1997
999 _c92824
_d92824